Country to Capital - Statistics

General Stats
  • This quiz has been taken 28 times
  • The average score is 9 of 10
Answer Stats
Country Capital % Correct
Norway Oslo
100%
Poland Warsaw
100%
Nepal Kathmandu
95%
Uruguay Montevideo
90%
Ghana Accra
86%
East Timor Dili
86%
Rwanda Kigali
81%
Honduras Tegucigalpa
81%
Barbados Bridgetown
76%
Vanuatu Port Vila
57%
No matching quizzes found
Score Distribution
Percent of People with Each Score
Percentile by Number Answered
Your Score History
You have not taken this quiz